| 000 | 00363nam a22001337a 4500 | ||
|---|---|---|---|
| 082 |
_a954.03 _bWIL |
||
| 100 |
_aWilson, Frederic William _950336 |
||
| 245 |
_aThe Indian chaos _cWilson, Frederic William |
||
| 260 |
_aLondon _bEyre & Spottiswoode _c1932 |
||
| 300 | _a285.p: | ||
| 526 |
_a0 _b0 _c0 _d954_030000000000000_WIL |
||
| 650 |
_aMCE _9379 |
||
| 942 |
_2ddc _cBK |
||
| 999 |
_c553060 _d553060 |
||